Parlamento y defensa en América Latina : (Registro nro. 5264)
[ vista simple ]
| 000 -LEADER | |
|---|---|
| fixed length control field | 00999nam a2200241Ia 4500 |
| 003 - CONTROL NUMBER IDENTIFIER | |
| control field | OSt |
| 005 - DATE AND TIME OF LATEST TRANSACTION | |
| control field | 20200506141108.0 |
| 008 - FIXED-LENGTH DATA ELEMENTS--GENERAL INFORMATION | |
| fixed length control field | 191128s2000 ag gr 000 0 spa d |
| 020 ## - INTERNATIONAL STANDARD BOOK NUMBER | |
| International Standard Book Number | 9872172501 |
| 040 ## - CATALOGING SOURCE | |
| Original cataloging agency | CO-JMCR |
| Transcribing agency | CO-JMCR |
| 041 0# - LANGUAGE CODE | |
| Language code of text/sound track or separate title | spa |
| 082 04 - DEWEY DECIMAL CLASSIFICATION NUMBER | |
| Classification number | 327.1 / |
| Item number | F668p |
| Edition number | 23 |
| 100 1# - MAIN ENTRY--PERSONAL NAME | |
| Personal name | Follieti, Gilda, |
| Relator term | editora |
| 9 (RLIN) | 4014 |
| 245 10 - TITLE STATEMENT | |
| Title | Parlamento y defensa en América Latina : |
| Remainder of title | el papel de las comisiones, Argentina, Brasil, Chile y Uruguay / |
| Statement of responsibility, etc. | Gilda Follietti y Luis Tibiletti editores |
| 250 ## - EDITION STATEMENT | |
| Edition statement | 1a ed. |
| 260 ## - PUBLICATION, DISTRIBUTION, ETC. | |
| Place of publication, distribution, etc. | Buenos Aires : |
| Name of publisher, distributor, etc. | Resdal, |
| Date of publication, distribution, etc. | 2000 |
| 300 ## - PHYSICAL DESCRIPTION | |
| Extent | 153 páginas ; |
| Dimensions | 23 cm. |
| 505 0# - FORMATTED CONTENTS NOTE | |
| Formatted contents note | Los parlamentos y la dimensión institucional de las políticas de defensa -- Las facultades constitucionales del parlamento en defensa -- El parlamento y la defensa en la Argentina -- Parlamento e defensa: o caso Brasileiro |
| 650 14 - SUBJECT ADDED ENTRY--TOPICAL TERM | |
| Topical term or geographic name entry element | Relaciones internacionales |
| 9 (RLIN) | 3476 |
| 650 14 - SUBJECT ADDED ENTRY--TOPICAL TERM | |
| Topical term or geographic name entry element | Seguridad nacional |
| 9 (RLIN) | 4015 |
| 700 1# - ADDED ENTRY--PERSONAL NAME | |
| Personal name | Tibiletti, Luis, |
| Relator term | editor |
| 9 (RLIN) | 4016 |
| 942 ## - ADDED ENTRY ELEMENTS (KOHA) | |
| Source of classification or shelving scheme | Dewey Decimal Classification |
| Koha item type | Books |
| Withdrawn status | Lost status | Source of classification or shelving scheme | Damaged status | Not for loan | Collection code | Home library | Current library | Date acquired | Source of acquisition | Cost, normal purchase price | Total Checkouts | Full call number | Barcode | Date last seen | Copy number | Koha item type |
|---|---|---|---|---|---|---|---|---|---|---|---|---|---|---|---|---|
| Dewey Decimal Classification | Non-fiction | Biblioteca Pública José María del Castillo y Rada | Biblioteca Pública José María del Castillo y Rada | 04/15/2018 | Donación | 0.00 | 327.1 / F668p | 430001597 | 05/16/2024 | V.1 / Ej.1 | Books |